Normal view
MARC view
Entry Personal Name
001 - CONTROL NUMBER
- control field: 44326
003 - CONTROL NUMBER IDENTIFIER
- control field: ARRUPE
005 - DATE AND TIME OF LATEST TRANSACTION
- control field: 20190131121508.0
008 - FIXED-LENGTH DATA ELEMENTS
- fixed length control field: 190131|| aca||aabn | a|a d
040 ## - CATALOGING SOURCE
- Original cataloging agency: ARRUPE
- Transcribing agency: ARRUPE
100 ## - HEADING--PERSONAL NAME
- Personal name: Hall, R. A.
- Fuller form of name: (Richard Andrew),
- Dates associated with a name: 1949-2011.
670 ## - SOURCE DATA FOUND
- Source citation: Work cat.: (ARRUPE)0: Hall, R. A. (Richard Andrew), 1949-2011., The Viking dig :, 1984.